书目信息 |
| 题名: |
考古与文物研究
|
|
| 作者: | 李丽 主编 | |
| 分册: | ||
| 出版信息: | 北京 中央民族大学出版社 2007.10 |
|
| 页数: | 528页 | |
| 开本: | 21cm | |
| 丛书名: | ||
| 单 册: | ||
| 中图分类: | K854.2-53 | |
| 科图分类: | ||
| 主题词: | 文物--wen wu--考古--文集 , 文物--wen wu--鉴定--文集 | |
| 电子资源: | ||
| ISBN: | 978-7-81108-259-3 | |
| 000 | 00944nam0 2200265 450 | |
| 001 | 012008377933 | |
| 005 | 20080525091658.29 | |
| 010 | @a978-7-81108-259-3@dCNY35.00 | |
| 100 | @a20080525d2007 em y0chiy0120 ea | |
| 101 | 0 | @achi |
| 102 | @aCN@b110000 | |
| 105 | @aa a 000yy | |
| 106 | @ar | |
| 200 | 1 | @a考古与文物研究@Akao gu yu wen wu yan jiu@f李丽主编@Fli li zhu bian |
| 210 | @a北京@c中央民族大学出版社@d2007.10 | |
| 215 | @a528页@c图@d21cm | |
| 300 | @a中央民族大学国家“十五”“211工程”建设项目 | |
| 320 | @a有书目 | |
| 330 | @a本书包括:办班记(代序),黄河上游史前考古概述,中国文明起源的探索,匈奴考古发现及研究概况,晋侯墓地的发现与研究现状,从考古资料看唐宋时期与伊斯兰世界的文化交流,西夏王国与西夏瓷等。 | |
| 606 | 0 | @a文物@Awen wu@x考古@j文集 |
| 606 | 0 | @a文物@Awen wu@x鉴定@j文集 |
| 690 | @aK854.2-53@v4 | |
| 701 | 0 | @a李丽@Ali li@4主编 |
| 801 | 0 | @aCN@bQSSK@c20080525 |
| 905 | @b713450-52@dK854.2-53@eL203@f3 | |
| 考古与文物研究/李丽主编.-北京:中央民族大学出版社,2007.10 |
| 528页:图;21cm |
| 中央民族大学国家“十五”“211工程”建设项目 |
| ISBN 978-7-81108-259-3:CNY35.00 |
| 本书包括:办班记(代序),黄河上游史前考古概述,中国文明起源的探索,匈奴考古发现及研究概况,晋侯墓地的发现与研究现状,从考古资料看唐宋时期与伊斯兰世界的文化交流,西夏王国与西夏瓷等。 |
| ● |
| 相关链接 |
|
|
|
正题名:考古与文物研究
索取号:K854.2-53/L203
 
预约/预借
| 序号 | 登录号 | 条形码 | 馆藏地/架位号 | 状态 | 备注 |
| 1 | 713450 | 207134509 | 社科库309/309社科库 7排1列2层/ [索取号:K854.2-53/L203] | 在馆 | |
| 2 | 713451 | 207134518 | 社科库309/ [索取号:K854.2-53/L203] | 在馆 | |
| 3 | 713452 | 207134527 | 社科库309/309社科库 7排1列2层/ [索取号:K854.2-53/L203] | 在馆 |